| 000 | 00675nac a22001931u 4500 | ||
|---|---|---|---|
| 010 | _a 2004065632 | ||
| 020 | _a0072987529 (alk. paper) | ||
| 020 | _a0071116923 | ||
| 082 | 0 | 0 |
_a658.302 _bC418 |
| 090 | _c182 | ||
| 100 | _aCerto, Samuel C. | ||
| 245 | 1 | 0 |
_aSupervision : _bconcepts and skill building / _cSamuel C. Certo. |
| 250 | _a5th ed. | ||
| 260 |
_aBoston : _bMcGraw-Hill/Irwin,2006 _cc2006. |
||
| 300 |
_axxxii, 571 p. : _bill. ; _c26 cm. |
||
| 650 | 0 | _aSupervision of employees. | |
| 942 |
_cBB _k658.302C418 |
||
| 999 |
_c182 _d182 |
||